| 000 | 00365nam a2200145Ia 4500 | ||
|---|---|---|---|
| 008 | 150201s2011 xx 000 0 und d | ||
| 082 |
_a610 _bR11N |
||
| 100 | _aNANCY, SISTER | ||
| 245 | 2 | _aA REFERENCE MANUAL FOE NURSES ON CORONARY CARE NURSING | |
| 250 | _a3RD | ||
| 260 |
_bKUMAR PUB. _aDELHI _c2011 |
||
| 300 | _a254 | ||
| 650 | _aMEDICINE | ||
| 942 |
_2ddc _cBK _01 |
||
| 999 |
_c2329 _d2329 |
||